First Secretaries of Wales since 1951 Quiz Stats

 Plays Quiz not verified by Sporcle

Challenge
Share
Tweet
Embed
Score 0/26 Timer 08:00
0 Plays Today
Year: Minister... % Correct
1997-1998Ron Davies
72.2%
1995-1997William Hague
66.7%
2002-2008Peter Hain
66.7%
2009-2010Peter Hain
66.7%
2012-2014David Jones
66.7%
2016-Alun Cairns
66.7%
1993-1995John Redwood
55.6%
1998-1999Alun Michael
55.6%
1999-2002Paul Murphy
55.6%
2008-2009Paul Murphy
55.6%
1968-1970George Thomas
44.4%
1979-1987Nicholas Edwards
44.4%
2014-2016Stephen Crabb
44.4%
Year: Minister... % Correct
2010-2012Cheryl Gillan
44.4%
1970-1974Peter Thomas
44.4%
1990-1993David Hunt
38.9%
1995 (Acting)David Hunt
38.9%
1974-1979John Morris
33.3%
1966-1968Cledwyn Hughes
27.8%
1961-1962Charles Hill
27.8%
1954-1957Gwilym Lloyd George
27.8%
1964-1966Jim Griffiths
22.2%
1962-1964Keith Joseph
22.2%
1957-1961Henry Brooke
22.2%
1951-1954David Maxwell Fyfe
22.2%
1987-1990Peter Walker
16.7%

You're not logged in!

Compare scores with friends on all Sporcle quizzes.
Join for Free
OR
Log In

You Might Also Like...

Show Comments

Extras

Top Quizzes Today


Score Distribution

Your Account Isn't Verified!

In order to create a playlist on Sporcle, you need to verify the email address you used during registration. Go to your Sporcle Settings to finish the process.

Report this User

Report this user for behavior that violates our Community Guidelines.

Details: